MARC21 for everyone : a practical guide
Content include: MARC- The underlying fundamentals and MARC21 codes you should know.
Saved in:
| Main Author: | |
|---|---|
| Format: | Book |
| Language: | Undetermined |
| Published: |
Chicago
American Library Association
2003
|
| Subjects: | |
| Tags: |
Add Tag
No Tags, Be the first to tag this record!
|
| Institutions: | Trung tâm Học liệu Trường Đại học Cần Thơ |
|---|
| LEADER | 00645nam a2200205Ia 4500 | ||
|---|---|---|---|
| 001 | CTU_127042 | ||
| 008 | 210402s9999 xx 000 0 und d | ||
| 082 | |a 025.316 | ||
| 082 | |b F919 | ||
| 100 | |a Fritz, Deborah A. | ||
| 245 | 0 | |a MARC21 for everyone : | |
| 245 | 2 | |b a practical guide | |
| 245 | 0 | |c Deborah A. Fritz, Richard J. Fritz | |
| 260 | |a Chicago | ||
| 260 | |b American Library Association | ||
| 260 | |c 2003 | ||
| 520 | |a Content include: MARC- The underlying fundamentals and MARC21 codes you should know. | ||
| 650 | |a MARC formats,MARC formats | ||
| 904 | |i Nguyên | ||
| 980 | |a Trung tâm Học liệu Trường Đại học Cần Thơ | ||